The whole truth and nothing but the truth: (Record no. 25041)

MARC details
000 -LEADER
fixed length control field 00810nam a22002177a 4500
008 - FIXED-LENGTH DATA ELEMENTS--GENERAL INFORMATION
fixed length control field 090312t xxu||||| |||| 00| 0aeng d
010 ## - LCCN (DPL NO)
LC control number ENG-93160
020 ## - INTERNATIONAL STANDARD BOOK NUMBER
Terms of availability 350.00
International Standard Book Number 9788185604879
035 ## - SYSTEM CONTROL NUMBER
System control number EN-76693
037 ## - SOURCE OF ACQUISITION
Source of stock number/acquisition DBAD / PUB
040 ## - CATALOGING SOURCE
Original cataloging agency dpl
Language of cataloging English
082 ## - DEWEY DECIMAL CLASSIFICATION NUMBER
Classification number 921
100 ## - MAIN ENTRY--PERSONAL NAME
Personal name Kesharshivam, B.
245 ## - TITLE STATEMENT
Title The whole truth and nothing but the truth:
Statement of responsibility, etc by B. Kesharshivam; translated from the Gujarati by Gita Chaudhuri
Remainder of title a dalit's life /
260 ## - PUBLICATION, DISTRIBUTION, ETC. (IMPRINT)
Place of publication, distribution, etc Kolkata
Name of publisher, distributor, etc Samya
Date of publication, distribution, etc 2008
270 ## - ADDRESS
Address 16 Southern Avenue,
City Kolkata
Postal code 700026
300 ## - PHYSICAL DESCRIPTION
Extent 307p.
Dimensions 20cm (pbk)
700 ## - ADDED ENTRY--PERSONAL NAME
Personal name Chaudhuri, Gita
942 ## - ADDED ENTRY ELEMENTS (KOHA)
Source of classification or shelving scheme Dewey Decimal Classification
Item type English Books
Call number suffix KES
Classification part 921
Holdings
Withdrawn status Lost status Source of classification or shelving scheme Damaged status Not for loan Collection code Home library Current library Date acquired Source of acquisition Cost, normal purchase price Total Checkouts Full call number Barcode Date last seen Copy number Cost, replacement price Koha item type
    Dewey Decimal Classification   Not For Loan Non-fiction D.B.Act.Division D.B.Act.Division 12/03/2009 DBAD / PUB 350.00   921 KES EN-76693 12/03/2009 1 350.00 English Books

© Delhi Public Library
Hit Counter
free hit counter